00329nam a2200121Ia 4500008004100000082001100041245002800052250000600080260005700086300000800143630002800151730002800179090124s9999 xx 000 0 und d b203213 a दोनच रंग a1 bराजाध्यक्ष विजयाc1985 a190 a दोनच रंग a दोनच रंग